| 000 | 02078cam a22004817i 4500 | ||
|---|---|---|---|
| 001 | 18389270 | ||
| 005 | 20260427163705.0 | ||
| 008 | 141128s2013 nyua 001 0 eng d | ||
| 010 | _a 2014497235 | ||
| 020 | _a9780241298817 | ||
| 035 | _a18389270 | ||
| 035 | _a(OCoLC)827841930 | ||
| 038 | _aMalang Jan | ||
| 040 |
_aYDXCP _beng _cYDXCP _erda _dBTCTA _dBDX _dGK8 _dOWL _dZJF _dCGP _dOCLCO _dOQX _dCLE _dZGV _dOCLCF _dXFG _dOCLCO _dDLC |
||
| 042 | _alccopycat | ||
| 050 | 0 | 0 |
_aTS171.6 _b.W55 2013 |
| 082 | 0 | 4 |
_a745.2 _223 |
| 100 | 1 |
_aWilkinson,Philip. _9134259 |
|
| 245 | 1 | 0 |
_aGreat design : _bthe world's best design explored & explained/ _cwritten by Philip Wilkinson. |
| 246 | 1 | 4 |
_aGreat design : _bthe world's best design explored & explained |
| 250 | _aFirst American edition. | ||
| 264 | 1 |
_aNew York : _bDK Publishing, _c2019. |
|
| 300 |
_a256 pages : _bcolor illustrations ; _c31 cm |
||
| 336 |
_atext _btxt _2rdacontent |
||
| 337 |
_aunmediated _bn _2rdamedia |
||
| 338 |
_avolume _bnc _2rdacarrier |
||
| 500 | _aIncludes index. | ||
| 505 | 0 | _a1860-1919 -- 1920-1929 -- 1930-1939 -- 1940-1954 -- 1955-1959 -- 1960-1979 -- 1980-1995 -- 1996 to present. | |
| 520 | _a"The ultimate illustrated guide to more than 100 icons of international design from the everyday to the avant-garde, from the Barcelona chair and the Ekco radio to the Citroën DS and the iPad."--Page 4 of cover. | ||
| 650 | 0 | _aProduct design. | |
| 650 | 0 | _aInterior decoration. | |
| 650 | 0 |
_aFurniture. _933409 |
|
| 650 | 0 |
_aGraphic design (Typography) _934247 |
|
| 650 | 0 |
_aTextile fabrics. _932744 |
|
| 650 | 7 |
_aFurniture. _2fast _0(OCoLC)fst00936488 _933409 |
|
| 650 | 7 |
_aGraphic design (Typography) _2fast _0(OCoLC)fst00946640 _934247 |
|
| 650 | 7 |
_aInterior decoration. _2fast _0(OCoLC)fst00976327 _9134273 |
|
| 650 | 7 |
_aTextile fabrics. _2fast _0(OCoLC)fst01148636 _932744 |
|
| 906 |
_a7 _bcbc _ccopycat _d2 _encip _f20 _gy-gencatlg |
||
| 942 |
_2ddc _cBK |
||
| 999 |
_c617239 _d617239 |
||